000 00530nam a2200181Ia 4500
001 19211
005 20260306171727.0
008 260306s9999||||xx |||||||||||||| ||und||
041 _aESP
082 _a658.802
_bK55
100 _aKim, W. Chan
_eAUT
245 0 _aLas claves de la estrategia del océano azul:
_bconseguir un crecimiento rentable mejorando la propuesta de valor y la estructura de costes
260 _c2017
300 _a220 páginas :
_c23 cm.
650 _aGEN
654 _aCAN
942 _cLIB
_dJUS
_fJUS
_2ddc
_n
999 _c19211
_d19211